Phép đo tiết diện bắt neutron nhiệt của 115 In nhờ kích hoạt neutron bằng nguồn Ra-Be : Luận văn Thạc sĩ. Chuyên ngành: Vật lý kỹ thuật
Đề tài trình bày tổng quan về neutron, khái niệm tiết diện neutron, phương pháp phân tích kích hoạt neutron, các vấn đề cần nghiên cứu để đo tiết diện bắt neutron nhiệt. Tiến hành các phép đo thực nghiệm để chuẩn detector NaI, đo hoạt độ mâ...
Spremljeno u:
| Glavni autor: | |
|---|---|
| Format: | Knjiga |
| Jezik: | Undetermined |
| Izdano: |
Cần Thơ
Trường Đại học Cần Thơ
2012
|
| Teme: | |
| Oznake: |
Dodaj oznaku
Bez oznaka, Budi prvi tko označuje ovaj zapis!
|
| Thư viện lưu trữ: | Trung tâm Học liệu Trường Đại học Cần Thơ |
|---|
| LEADER | 01384nam a2200217Ia 4500 | ||
|---|---|---|---|
| 001 | CTU_174685 | ||
| 008 | 210402s9999 xx 000 0 und d | ||
| 082 | |a 539.7213 | ||
| 082 | |b H401 | ||
| 088 | |a 60440103 | ||
| 100 | |a Võ, Thị Mỹ Hòa | ||
| 245 | 0 | |a Phép đo tiết diện bắt neutron nhiệt của 115 In nhờ kích hoạt neutron bằng nguồn Ra-Be : | |
| 245 | 0 | |b Luận văn Thạc sĩ. Chuyên ngành: Vật lý kỹ thuật | |
| 245 | 0 | |c Võ Thị Mỹ Hòa ; Huỳnh Trúc Phương (Người hướng dẫn khoa học) | |
| 260 | |a Cần Thơ | ||
| 260 | |b Trường Đại học Cần Thơ | ||
| 260 | |c 2012 | ||
| 520 | |a Đề tài trình bày tổng quan về neutron, khái niệm tiết diện neutron, phương pháp phân tích kích hoạt neutron, các vấn đề cần nghiên cứu để đo tiết diện bắt neutron nhiệt. Tiến hành các phép đo thực nghiệm để chuẩn detector NaI, đo hoạt độ mẫu, đo phông. Xác định hiệu suất của detector, tính tiết diện bắt neutron nhiệt của 115 In. | ||
| 650 | |a Neutrons,Hạt nơtron,Vật lý hạt nhân,Nuclear physics | ||
| 904 | |i Hằng Ni, Trân, Năm | ||
| 980 | |a Trung tâm Học liệu Trường Đại học Cần Thơ | ||